000 00657nam a2200217 a 4500
001 56630
003 BD-RjUL
005 20211209080422.0
008 161203s1953 enk 001 0 eng d
035 _a(BD-RjUL)56754
040 _aBD-RjUL
_beng
_cBD-RjUL
041 _aeng
082 _223
_a170
_bMOG 1953
100 1 0 _aMonro, D. H.
_q(David Hector)
_9168440
245 1 0 _aGodwin's moral philosophy :
_ban interpretation of William Godwin /
_cby D. H. Monro
260 _aLondon :
_bOxford University Press,
_c1953.
300 _a205 p. ;
_c19 cm.
500 _aIncludes index
600 1 0 _aGodwin, William,
_d1756-1836
_xEthics.
_9168441
942 _2ddc
_cBK
999 _c56630
_d56630